000 00659nam a22002057a 4500
003 OSt
005 20251010023208.0
008 251010b |||||||| |||| 00| 0 eng d
020 _a978-1-4051-8164-8.
040 _aDWCL-Admin lib
_cOC
082 _aCirc. 302.244 L773 2010
100 _aWolvin, Andrew D.
245 _aListening and human communication in the 21st century/
_cAndrew D. Wolvin
260 _aUK :
_bWiley-Blackwell,
_cc2010
300 _axi, 299 p. : ill.
_c23 cm.
504 _aIncludes bibliographical references & index.
650 _a1. Communication-Textbooks.
650 _a2. Listening-Textbooks.
942 _2ddc
_cBK-CIRC
_kCirc.
_n0
999 _c4806
_d4806